The cuisine of sacrifice among the Greeks

Αποθηκεύτηκε σε:
Λεπτομέρειες βιβλιογραφικής εγγραφής
Κύριος συγγραφέας: Detienne, Marcel
Άλλοι συγγραφείς: Vernant, Jean Pierre, 1914-2007, Wissing, Paula (trlf)
Μορφή: Βιβλίο
Γλώσσα:English
French
Δημοσίευση: Chicago : Universty of Chicago Press, 1989.
Θέματα:
Ετικέτες: Προσθήκη ετικέτας
Δεν υπάρχουν, Καταχωρήστε ετικέτα πρώτοι!

MARC

LEADER 00000cam a2200000 i 4500
001 1/3567
008 960328s1989 us | ||| |||| ||eng||
020 |a 0226143538 
035 |l 10015263 
040 |a GR-MyUA  |b gre  |e AACR2 
041 1 |a eng  |h fre 
082 0 |a 292.38 
100 1 |a Detienne, Marcel. 
245 1 4 |a The cuisine of sacrifice among the Greeks /   |c Marcel Detienne and Jean-Pierre Vernant; with essays by Jean-Luis Durand...[et al.]; ; Translated by Paula Wissing.  
260 |a Chicago :   |b Universty of Chicago Press,   |c 1989.  
300 |a 275 σ.  
504 |a Περιέχει βιβλιογραφικές αναφορές και ευρετήριο.  
650 0 0 |a Sacred meals  |z Greece. 
650 0 0 |a Sacrifice  |z Greece. 
650 0 0 |a Cults  |z Greece. 
700 1 |a Vernant, Jean Pierre,   |d 1914-2007. 
700 0 |a Wissing, Paula.  |4 trlf 
765 0 8 |i Μετάφραση του:   |t La cuisine du sacrifice en pays grec /  
852 |a INST  |b LESVOS  |e 19960328  |h 292.38 DET  |p 005100006880  |q 005100006880  |t BK  |y 0 
909 |a Λ  |b 043903